Statistics for psychology research : a short guide using excel / Adam T. Hutcheson, Kristina Groce Brown. (Record no. 22078)

000 -LEADER
fixed length control field 00658nam a22001697a 4500
020 ## - INTERNATIONAL STANDARD BOOK NUMBER
ISBN 9783031609695
082 ## - DEWEY DECIMAL CLASSIFICATION NUMBER
Classification number 150.72
Item number H973 2024
100 ## - MAIN ENTRY--AUTHOR NAME
Personal name Hutcheson, Adam T., author.
245 ## - TITLE STATEMENT
Title Statistics for psychology research : a short guide using excel / Adam T. Hutcheson, Kristina Groce Brown.
250 ## - EDITION STATEMENT
Edition statement 1st edition.
260 ## - PUBLICATION, DISTRIBUTION, ETC. (IMPRINT)
Place of publication Cham, Switzerland :
Name of publisher Palgrave Macmillan (Springer Nature),
Year of publication 2024.
300 ## - PHYSICAL DESCRIPTION
Number of Pages 1 online resource, 245 pages :
Other physical details illustrations (some color).
500 ## - GENERAL NOTE
General note Includes bibliographical references and index.
650 ## - SUBJECT ADDED ENTRY--TOPICAL TERM
Topical Term Psychology -- Statistical methods.
700 ## - ADDED ENTRY--PERSONAL NAME
Personal name Brown, Kristina Groce, author.
942 ## - ADDED ENTRY ELEMENTS (KOHA)
Koha item type Electronic Books
Holdings
Source of acquisition Permanent Location Date acquired Koha item type Lost status Shelving location Current Location Withdrawn status Full call number
DonationsCagayan State University - Carig Library2026-04-15Electronic Books E-Resource SectionCagayan State University - Carig Library 150.72 H973 2024

Cagayan State University University Library, Carig Campus
Tuguegarao City, Cagayan 3500 | www.csucarig.edu.ph

Powered by Koha